000 00468nam a22001817a 4500
003 CEME
005 20210628204201.0
008 210120b xxu||||| |||| 00| 0 eng d
020 _a0-618-15399-3
040 _cceme
082 _a823.912 TOL
100 _aTolkien, J .R .R
_964032
245 _aThe two towers
260 _aNEW YORK
_bHOUGHTON
_c1994
300 _a351P
650 _aENGLISH LITERATURE-NOVLES.ENGLISH LITERATURE-FICTION
_964033
942 _cBK
_2ddc
999 _c576553
_d576553